Devoirs du sacerdoce: ou, Traité de la dignité, de la perfection, des obligations, charges, offices et ministères du prêtre catholique; d'après le p. Molina, le P. Belon, Sevoy, Cossart et Augé, Pinamonti, le B. Léonard du Port-Maurice, Lhomond, Savatori, Nardi, Abelly, Ducasse, Collet, Seignery, le b. Liguori, etc.; corrigés conformément à la doctrine des théologiens les plus exacts = Traité de la dignité, de la perfection, des obligations, charges, offices et ministères du prêtre catholique.
| Subtitles: | Du sacerdoce Traité de la dignité, de la perfection, des obligations, charges, offices et ministères du prêtre catholique |
|---|---|
| Main Author: | |
| Corporate Author: | |
| Format: | Electronic Book |
| Language: | French |
| Check availability: | HBZ Gateway |
| Interlibrary Loan: | Interlibrary Loan for the Fachinformationsdienste (Specialized Information Services in Germany) |
| Published: |
Paris
Au Bureau de la Bibliothèque ecclésiastique
1837-1838
|
| In: | Year: 1837 |
| Further subjects: | B
Priesthood
Catholic Church
B Catholic Church Clergy B Catholic Church |
| Online Access: |
Volltext (kostenfrei) |
| Sammlungen: |
MARC
| LEADER | 00000cam a22000002c 4500 | ||
|---|---|---|---|
| 001 | 1893235408 | ||
| 003 | DE-627 | ||
| 005 | 20241226054911.0 | ||
| 007 | cr uuu---uuuuu | ||
| 008 | 240702s1837 xx |||||o 00| ||fre c | ||
| 035 | |a (DE-627)1893235408 | ||
| 035 | |a (DE-599)KXP1893235408 | ||
| 035 | |a (PRTC)devoirsdusacerdo02math | ||
| 040 | |a DE-627 |b ger |c DE-627 |e rda | ||
| 041 | |a fre | ||
| 050 | 0 | |a BX 1912 | |
| 084 | |a 1 |2 ssgn | ||
| 100 | 1 | |a Mathieu, Henri |e VerfasserIn |4 aut | |
| 245 | 1 | 0 | |a Devoirs du sacerdoce |b ou, Traité de la dignité, de la perfection, des obligations, charges, offices et ministères du prêtre catholique; d'après le p. Molina, le P. Belon, Sevoy, Cossart et Augé, Pinamonti, le B. Léonard du Port-Maurice, Lhomond, Savatori, Nardi, Abelly, Ducasse, Collet, Seignery, le b. Liguori, etc.; corrigés conformément à la doctrine des théologiens les plus exacts = Traité de la dignité, de la perfection, des obligations, charges, offices et ministères du prêtre catholique. |c par l'abbé Mathieu |
| 246 | 3 | 1 | |a Traité de la dignité, de la perfection, des obligations, charges, offices et ministères du prêtre catholique. |
| 246 | 3 | 3 | |a Du sacerdoce. |
| 264 | 1 | |a Paris |b Au Bureau de la Bibliothèque ecclésiastique |c 1837-1838 | |
| 300 | |a 1 Online-Ressource (3 v.) | ||
| 336 | |a Text |b txt |2 rdacontent | ||
| 337 | |a Computermedien |b c |2 rdamedia | ||
| 338 | |a Online-Ressource |b cr |2 rdacarrier | ||
| 500 | |a Includes bibliographical references | ||
| 601 | |a doctrina | ||
| 610 | 1 | 0 | |a Catholic Church |x Clergy |
| 650 | 0 | |a Priesthood |x Catholic Church | |
| 655 | 0 | |a Catholic Church | |
| 710 | 2 | |a University of Toronto |e MitwirkendeR |4 ctb | |
| 856 | 4 | 0 | |u https://commons.ptsem.edu/id/devoirsdusacerdo02math |m X:PRTC |x Digitalisierung |z kostenfrei |7 0 |
| 935 | |a PRTC |a mteo | ||
| 951 | |a BO | ||
| ELC | |a 1 | ||
| LOK | |0 000 xxxxxcx a22 zn 4500 | ||
| LOK | |0 001 4545121721 | ||
| LOK | |0 003 DE-627 | ||
| LOK | |0 004 1893235408 | ||
| LOK | |0 005 20240702155644 | ||
| LOK | |0 008 240702||||||||||||||||ger||||||| | ||
| LOK | |0 035 |a (DE-Tue135)devoirsdusacerdo02math | ||
| LOK | |0 040 |a DE-Tue135 |c DE-627 |d DE-Tue135 | ||
| LOK | |0 092 |o n | ||
| LOK | |0 689 |a f |a Book | ||
| LOK | |0 852 |a DE-Tue135 | ||
| LOK | |0 852 1 |9 00 | ||
| LOK | |0 866 |x SPQUE#Theological Commons Princeton | ||
| LOK | |0 935 |a PRTC | ||
| LOK | |0 939 |a 02-07-24 |b l01 | ||
| OAS | |a 1 | ||
| ORI | |a SA-MARC-ixtheoa001.raw | ||